බඹරකන්ද කැලේ

Babarakanda kele
Saved in:
Bibliographic Details
Main Author: විජේගුණරත්න,සුසිල්
Format: Book
Language:Sinhalese
Published: [තැ. නො.] : කර්තෘ, 2000.
Tags: Add Tag
No Tags, Be the first to tag this record!

MARC

LEADER 00000nam a22000007a 4500
003 LK-CoNLD
005 20221212111912.0
008 210427b ||||| |||| 00| 0 sin d
015 |2 slnb 
017 |b LK-CoDNA  |a 290781 
020 |a 9559705202 
040 |a LK-CoNLD  |b SIN  |c LK-CoNLD  |d LK-CoNLD 
082 |2 23  |q LK-CoNLD 
100 |9 61070  |a විජේගුණරත්න,සුසිල්  
245 |a බඹරකන්ද කැලේ  |c  / සුසිල් විජේගුණරත්න  |6 880-1  
260 |a [තැ. නො.] :  |b කර්තෘ,  |c 2000.  
300 |a පි.138;   |c සෙ.මි 21.   |b කබැ-බෝක : රු.135.00  
880 |6 245-1   |a Babarakanda kele  
942 |c BOOK 
999 |c 244223  |d 244223